Tilastot visalle Suomen sairaanhoitopiirit

Klikkaa tästä pelataksesi tätä visaa!

Yleistilastot

  • Tätä visaa on pelattu 46 kertaa
  • Keskiarvotulos 16 / 20

Vastaustilastot

LyhenneSairaanhoitopiiri% Oikein
HUSHelsinki Ja Uusimaa
97%
EPEtelä-Pohjanmaa
85%
KAIKainuu
85%
LPLänsi-Pohja
85%
LLappi
85%
PPPohjois-Pohjanmaa
85%
VSVarsinais-Suomi
85%
KPKeski-Pohjanmaa
82%
PKPohjois-Karjala
82%
PSPohjois-Savo
82%
EKEtelä-Karjala
79%
ESEtelä-Savo
79%
KHKanta-Häme
79%
KYMKymenlaakso
77%
KSKeski-Suomi
74%
PPirkanmaa
69%
PHPäijät-Häme
67%
VVaasa
67%
SSatakunta
62%
ISItä-Savo
56%

Tulosjakauma

Persentiili vastausten määrän mukaan

Jokaisen tuloksen saaneiden osuus

Tuloshistoriasi

Et ole pelannut tätä visaa